Prepara educación de adultos : (Registro nro. 10121)

Detalles MARC
000 -LIDER
fixed length control field 02082nam a22003737a 4500
001 - NÚMERO DE CONTROL
Identificador de número de control 00350
003 - IDENTIFICACDOR DE NÚMERO DE CONTROL
control field DO-SdBNP
005 - DATE AND TIME OF LATEST TRANSACTION
control field 20160610131710.0
007 - CAMPOS FIJOS DE DESCRIPCIÓN FÍSICA
fixed length control field 00350
008 - ELEMENTOS DE LONGITUD FIJA
fixed length control field 160511b dr 2005||||| |||| 00| 0 spa d
020 ## - ISBN
International Standard Book Number 848261835 (Módulo 1)
020 ## - ISBN
International Standard Book Number 8482618369 (Módulo 2)
020 ## - ISBN
International Standard Book Number 8482618423 (Módulo 8)
040 ## - FUENTE DE CATALOGACIÓN
Agencia que crea de manera original el registro BPMSU
Idioma de catalogación spa
Agencia que realiza la transcripción BPMSU
092 ## - LOCALLY ASSIGNED DEWEY DECIMAL CALL NUMBER
Número de clasificación 374.83
Número de ítem (Cutter) P927e 4to. 2005
245 ## - MENCIÓN DE TITULO
Título Prepara educación de adultos :
Subtítulo 4to. bachillerato /
Mención de responsabilidad Manuel García Cartagena ... [et al.] ; dirección editorial Obdulia García de Escobar
250 ## - MENCIÓN DE EDICION
Mención de edición 2a ed.
260 ## - PUBLICACIÓN, DISTRIBUCIÓN, ETC. (PIE DE IMPRENTA)
Lugar de publicación, distribución, etc Santo Domingo :
Nombre del editor, distribuidor, etc. Secretaría de Estado de Educación ;
-- Santillana ;
Fecha de publicación, distribución, etc 2005.
300 ## - DESCRIPCIÓN FÍSICA
Extensión v. :
Otros detalles físicos il. ;
Dimensiones 28 cm.
490 1# - MENCIÓN DE SERIES
Mención de serie Santillana adultos
500 ## - NOTA GENERAL
Nota general La biblioeca posee los módulos 1, 2 , 6 y 8
505 0# - NOTA DE CONTENIDO
Texto normalizado de contenido Primera quincena --
Título Lengua española --
-- Ciencia y tecnología --
-- Ciencias sociales --
-- Ciencia y tecnología --
-- Ciencias de la naturaleza: Biología --
-- Ciencia y tecnología --
-- Informática --
-- Ciencia y tecnología --
-- Matemáticas --
-- Ciencia y tecnología --
-- Actividades de evaluación
505 0# - NOTA DE CONTENIDO
Texto normalizado de contenido Segunda quincena --
Título Propósitos --
-- Lengua española --
-- Ciencia y tecnologia --
-- Lenguas extrangeras: inglés --
-- Science and technology --
-- Ciencias sociales --
-- Ciencia y tecnología --
-- Educación cívica --
-- Ciencia y tecnología
-- Ciencias de la naturaleza: Biología --
-- Ciencia y tecnología --
-- Matemáticas --
-- Ciencia y tecnología --
-- Actividades de evaluación --
-- Autoevaluación --
-- Respuestas autoevaluación
650 #4 - ENCABEZAMIENTO DE MATERIA--TEMÁTICO
Término temático o nombre geográfico como elemento de entrada EDUCACIÓN SECUNDARIA DE ADULTOS
Subdivisión geográfica REPÚBLICA DOMINICANA
650 #4 - ENCABEZAMIENTO DE MATERIA--TEMÁTICO
Término temático o nombre geográfico como elemento de entrada EDUCACIÓN SECUNDARIA DE ADULTOS
Subdivisión geográfica ESTUDIOS Y EJERCICIOS
650 #4 - ENCABEZAMIENTO DE MATERIA--TEMÁTICO
Término temático o nombre geográfico como elemento de entrada EDUCACIÓN SECUNDARIA DE ADULTOS
Subdivisión temática general LIBROS DE TEXTOS
700 12 - ASIENTO SECUNDARIO -- NOMBRE PERSONAL
Nombre personal García Cartagena, Manuel
700 12 - ASIENTO SECUNDARIO -- NOMBRE PERSONAL
Nombre personal García de Escobar, Obdulia,
Mención de responsabilidad ed.
710 12 - ASIENTO SECUNDARIO -- NOMBRE CORPORATIVO
Nombre corporativo o de jurisdicción República Dominicana.
Unidad subordinada Secretaría de Estado de Cultura.
830 #0 - ASIENTO SECUNDARIO DE SERIE--TÍTULO UNIFORME
Título uniforme Santillana adultos
910 ## - VALIDACIÓN
Validación Validado. Control de calidad MFF
942 ## - ADDED ENTRY ELEMENTS (KOHA)
Source of classification or shelving scheme Dewey Decimal Classification
Koha item type Libros
956 ## - LOCAL ELECTRONIC LOCATION AND ACCESS (OCLC)
Nombre de host BTAVÁREZ
Número de acceso 10
Información de compresión 20160512
Existencias
Withdrawn status Lost status Source of classification or shelving scheme Damaged status Not for loan Collection code Home library Current library Date acquired Source of acquisition Total Checkouts Full call number Barcode Date last seen Price effective from Koha item type Copy number
    Dewey Decimal Classification       Biblioteca Pública Metropolitana Salomé Ureña Biblioteca Pública Metropolitana Salomé Ureña 05/12/2016 Donación   374.83 P927e 4to. 2005 Módulo 1 BPMSU16050311 05/12/2016 05/12/2016 Libros  
    Dewey Decimal Classification       Biblioteca Pública Metropolitana Salomé Ureña Biblioteca Pública Metropolitana Salomé Ureña 05/12/2016 Donación   374.83 P927e 4to. 2005 Módulo 2 BPMSU16050312 05/12/2016 05/12/2016 Libros  
    Dewey Decimal Classification       Biblioteca Pública Metropolitana Salomé Ureña Biblioteca Pública Metropolitana Salomé Ureña 05/12/2016 Donación   374.83 P927e 4to. 2005 Módulo 6 BPMSU16050313 05/12/2016 05/12/2016 Libros  
    Dewey Decimal Classification       Biblioteca Pública Metropolitana Salomé Ureña Biblioteca Pública Metropolitana Salomé Ureña 05/12/2016 Donación   374.83 P927e 4to. 2005 Módulo 6 BPMSU16050314 05/12/2016 05/12/2016 Libros ej. 2
    Dewey Decimal Classification       Biblioteca Pública Metropolitana Salomé Ureña Biblioteca Pública Metropolitana Salomé Ureña 05/12/2016 Donación   374.83 P927e 4to. 2005 Módulo 8 BPMSU16050315 05/12/2016 05/12/2016 Libros